| 000 | 00443nam a2200169 a 4500 | ||
|---|---|---|---|
| 005 | 20140310183227.0 | ||
| 008 | 040310s19uu xx 00 eng d | ||
| 020 | _a0345308387 | ||
| 050 |
_aPS 3563 _b.M466Gol 1983 |
||
| 100 | _aMay, Julian | ||
| 245 |
_aThe golden torc / _cJulian May. |
||
| 260 |
_aNew York : _bBallantine Books, _c1983. |
||
| 300 |
_a381 p. : _c18 cm. |
||
| 650 | _aScience Fiction | ||
| 942 |
_cBK _2lcc |
||
| 999 |
_c20419 _d20419 |
||